=LDR 00000nam 2200000 4500 =001 INLIS000000000029819 =005 20130612132024 =008 ***********************************Ind** =035 ##$$0010-061300000029819 =041 ##$$a Ind =082 ##$$a 530 =090 ##$$a 530, Kan f =100 ##$$a Kanginan, Marthen =245 ##$$a Fisika SMU edisi kedua jilid 2b untuk kelas 2 caturwulan 2, Marthen Kanginan =260 ##$$a 1996 $b Jakarta =300 ##$$a xiv, 223 hlm, ilus, 25 cm =650 ##$$a Fisika =850 ##$$a NBPNMAT